Logo Quiz - Statistieken

Algemene statistieken
  • Deze quiz is 1.263 keer genomen
  • De gemiddelde score is 15 van 16
Antwoordstatistieken
Foto Antwoord % Correct
Facebook
100%
Google
99%
Netflix
99%
Twitter
99%
Amazon
98%
Instagram
98%
Youtube
98%
Adidas
97%
Nike
97%
Apple
96%
Wikipedia
96%
Gmail
92%
Microsoft
91%
Ebay
80%
Target
80%
JetPunk
70%
Geen overeenkomende quizzen gevonden
Scoreverdeling
Procent van Mensen met Elke Score
Percentiel versus Aantal Correcte Antwoorden
Uw Scoregeschiedenis
U heeft deze quiz nog niet genomen